[Event "It (open)"]
[Site "masterchessopen.com Haarlem (Netherlands)"]
[Round "4"]
[White "Ernst Sipke (NED)"]
[Black "Vroombout Enrico (NED)"]
[Result "1-0"]
[WhiteElo "2497"]
[BlackElo "2121"]

1.d4 Nf6 2.c4 g6 3.Nc3 Bg7 4.e4 d6 5.Nf3 O-O 6.Be2 e5 7.O-O Nc6 8.d5 Ne7 9.b4
Nh5 10.Re1 Nf4 11.Bf1 h6 12.a4 g5 13.Nd2 g4 14.c5 f5 15.Nc4 fxe4 16.cxd6 cxd6
17.Nxe4 Nexd5 18.g3 Nxb4 19.Ncxd6 Nfd5 20.Bc4 Be6 21.Ba3 Qe7 22.Bxb4 Nxb4
23.Qb3 {#r} 1-0

[Event "It (open)"]
[Site "masterchessopen.com Haarlem (Netherlands)"]
[Round "3"]
[White "Savchenko Stanislav (UKR)"]
[Black "De Haas Piet (NED)"]
[Result "1-0"]
[WhiteElo "2539"]
[BlackElo "2185"]

1.d4 Nf6 2.c4 g6 3.Nc3 Bg7 4.e4 d6 5.Nf3 O-O 6.Be2 e5 7.O-O Nc6 8.d5 Ne7 9.b4
Nh5 10.Re1 f5 11.Ng5 Nf6 12.Bf3 h6 13.Ne6 Bxe6 14.dxe6 c6 15.Qb3 fxe4 16.Nxe4
Nxe4 17.Bxe4 Rf6 18.b5 Kh7 19.Rd1 Rxe6 20.Rb1 Rc8 21.Be3 Qc7 22.Bxa7 c5 23.Qh3
Rf6 24.b6 {#r} 1-0

[Event "It (open)"]
[Site "masterchessopen.com Hamburg (Germany)"]
[Round "1"]
[White "Schirm Friedmar (GER)"]
[Black "Michalak Guenther (GER)"]
[Result "1-0"]
[WhiteElo "2251"]
[BlackElo "1983"]

1.Nf3 Nf6 2.c4 g6 3.Nc3 Bg7 4.e4 d6 5.d4 O-O 6.Be2 e5 7.O-O Nc6 8.d5 Ne7 9.b4
a5 10.bxa5 Rxa5 11.Nd2 b6 12.Nb3 Ra8 13.a4 Bd7 14.Be3 Qc8 15.a5 bxa5 16.Nxa5
Ng4 17.Bxg4 Bxg4 18.f3 Bd7 19.c5 f5 20.c6 Be8 21.Nb5 f4 22.Bf2 g5 23.Na7 Qa6
24.Nb7 Qc4 25.Ra4 Qc3 26.Nb5 {#r} 1-0

[Event "It (open)"]
[Site "masterchessopen.com Heinola (Finland)"]
[Round "5"]
[White "Karttunen Mika (FIN)"]
[Black "Fieandt John (FIN)"]
[Result "1-0"]
[WhiteElo "2284"]
[BlackElo "2212"]

1.d4 Nf6 2.c4 g6 3.Nc3 Bg7 4.e4 d6 5.Nf3 O-O 6.Be2 e5 7.O-O Nc6 8.d5 Ne7 9.b4
Kh8 10.c5 Ne8 11.a4 a5 12.Ba3 f5 13.Nd2 axb4 14.Bxb4 dxc5 15.Bxc5 Nd6 16.f3 g5
17.Nc4 f4 18.Nb5 Nxc4 19.Bxc4 Rf6 20.Rf2 Bf8 21.Qb3 Nc6 22.Bxf8 Na5 23.Qc3
Nxc4 24.Bb4 Nd6 25.Nxc7 Nf7 26.Nxa8 {#r} 1-0

[Event "It (open)"]
[Site "masterchessopen.com Helsinki (Finland)"]
[Round "5"]
[White "Kiviaho Allan (FIN)"]
[Black "Niemela Antti (FIN)"]
[Result "0-1"]
[WhiteElo "2185"]
[BlackElo "2279"]

1.Nf3 Nf6 2.c4 g6 3.Nc3 Bg7 4.e4 d6 5.d4 O-O 6.Be2 e5 7.O-O Nc6 8.d5 Ne7 9.b4
a5 10.bxa5 c5 11.dxc6 bxc6 12.c5 d5 13.exd5 Nexd5 14.Bb2 Re8 15.Nd2 Qxa5
16.Nce4 Nxe4 17.Nxe4 Be6 18.Nd6 Reb8 19.Nc4 Qxc5 20.Rc1 Nf4 21.Ba1 Rxa2 22.Bd3
Nxd3 23.Qxd3 Rxa1 24.Rxa1 {#R} 0-1

[Event "It (open)"]
[Site "masterchessopen.com Iasi (Romania)"]
[Date "2010.08.22"]
[Round "6"]
[White "Bonte Andrei (ROM)"]
[Black "Panush Viktor (MDA)"]
[Result "1-0"]
[WhiteElo "2301"]
[BlackElo "2109"]

1.d4 Nf6 2.c4 g6 3.Nc3 Bg7 4.e4 d6 5.Nf3 O-O 6.Be2 e5 7.O-O Nc6 8.d5 Ne7 9.b4
a5 10.Ba3 axb4 11.Bxb4 Nd7 12.a4 h6 13.a5 g5 14.Na4 Ng6 15.c5 Qf6 16.cxd6 cxd6
17.Rc1 Rd8 18.Nd2 Nf4 19.Nc4 Bf8 20.Nab6 Nxb6 21.Nxb6 Rb8 22.Rc7 Qg6 23.Qc2 f5
24.Bb5 {#r} 1-0

[Event "It (open)"]
[Site "masterchessopen.com Imperia (Italy)"]
[Round "3"]
[White "Russi Roberto (ITA)"]
[Black "De-Marco Walter (ITA)"]
[Result "1-0"]
[WhiteElo "2081"]
[BlackElo "2055"]

1.c4 g6 2.Nc3 Bg7 3.d4 d6 4.e4 Nc6 5.Nf3 Nf6 6.Be2 O-O 7.O-O e5 8.d5 Ne7 9.b4
a5 10.Ba3 Bd7 11.c5 Ne8 12.Nd2 f5 13.f3 Rf6 14.Nc4 axb4 15.Bxb4 b6 16.cxb6
cxb6 17.a4 Qb8 18.Nxe5 dxe5 19.Bxe7 Rf7 20.d6 Qc8 21.Rc1 Qc5+ 22.Kh1 Rxe7
23.dxe7 Qxe7 24.Qd5+ {#r} 1-0

[Event "It (open)"]
[Site "masterchessopen.com Jarvenpaa (Finland)"]
[Round "0"]
[White "Veingold Aleksandr (EST)"]
[Black "Kallio Heikki (FIN)"]
[Result "1-0"]
[WhiteElo "2450"]
[BlackElo "2270"]

1.d4 Nf6 2.Nf3 g6 3.c4 Bg7 4.Nc3 O-O 5.e4 d6 6.Be2 e5 7.O-O Nc6 8.d5 Ne7 9.b4
Nh5 10.Re1 f5 11.Nd2 Nf6 12.f3 f4 13.c5 h5 14.Nc4 Nh7 15.Ba3 Rf6 16.b5 b6
17.cxd6 cxd6 18.Nxe5 Rf8 19.Nc6 Nxc6 20.dxc6 Qh4 21.Bxd6 Bxc3 22.Qb3+ Rf7
23.Qxc3 Be6 24.Bc4 Ng5 25.Rad1 Bh3 26.g3 fxg3 {#r} 1-0

[Event "It (open)"]
[Site "masterchessopen.com Kazimierz Dolny (Poland)"]
[Round "1"]
[White "Zontakh Andrey (UKR)"]
[Black "Skurski Jan (POL)"]
[Result "1-0"]
[WhiteElo "2512"]
[BlackElo "2059"]

1.d4 Nf6 2.c4 g6 3.Nc3 Bg7 4.e4 d6 5.Nf3 O-O 6.Be2 e5 7.O-O Nc6 8.d5 Ne7 9.b4
a5 10.Ba3 axb4 11.Bxb4 Ne8 12.c5 f5 13.Ng5 h6 14.Ne6 Bxe6 15.dxe6 Nc6 16.Nd5
Bf6 17.cxd6 cxd6 18.Bd2 Kh7 19.exf5 gxf5 20.Qb1 Nd4 21.Qxb7+ Ng7 22.Bd3 e4
23.Bc3 Rb8 24.e7 Rxb7 25.Nxf6+ {#r} 1-0

[Event "It (open)"]
[Site "masterchessopen.com Klatovy (Czech Republic)"]
[Round "1"]
[White "Garlik Michal (CZE)"]
[Black "Zeman Martin (CZE)"]
[Result "1-0"]
[WhiteElo "2139"]
[BlackElo "1994"]

1.d4 Nf6 2.c4 g6 3.Nc3 Bg7 4.e4 d6 5.Nf3 O-O 6.Be2 e5 7.O-O Nc6 8.d5 Ne7 9.b4
Nh5 10.Re1 Nf4 11.Bf1 f5 12.Bxf4 exf4 13.e5 dxe5 14.Nxe5 Re8 15.c5 Nxd5
16.Qxd5+ Qxd5 17.Nxd5 Rxe5 18.Rxe5 Bxe5 19.Re1 Bb2 20.Bc4 Kf8 21.Nxc7 Rb8
22.Re8+ Kg7 23.Be6 Be5 24.Bxc8 {#r} 1-0

[Event "It (open)"]
[Site "masterchessopen.com Klatovy (Czech Republic)"]
[Round "0"]
[White "Dvorak Jan (CZE)"]
[Black "Stluka Frantisek (CZE)"]
[Result "1-0"]
[WhiteElo "2179"]
[BlackElo "2137"]

1.d4 Nf6 2.Nf3 g6 3.c4 Bg7 4.Nc3 d6 5.e4 O-O 6.Be2 e5 7.O-O Nc6 8.d5 Ne7 9.b4
Ne8 10.c5 f5 11.Ng5 Nf6 12.Ba3 h6 13.Ne6 Bxe6 14.dxe6 d5 15.exd5 Nfxd5 16.Nxd5
Nxd5 17.c6 bxc6 18.b5 Re8 19.Bc4 Bf8 20.e7 Bxe7 21.Bxe7 {#r} 1-0

[Event "It (open)"]
[Site "masterchessopen.com La Laguna (Spain)"]
[Date "2009.05.09"]
[Round "7"]
[White "De La Cruz Sanchez C G (ESP)"]
[Black "Barrio Pareja Eduardo (ESP)"]
[Result "1-0"]
[WhiteElo "2289"]
[BlackElo "2083"]

1.d4 Nf6 2.c4 g6 3.Nc3 Bg7 4.e4 d6 5.Nf3 O-O 6.Be2 e5 7.O-O Nc6 8.d5 Ne7 9.b4
Nh5 10.Re1 Nf4 11.Bxf4 exf4 12.Rc1 f5 13.Ng5 h6 14.Ne6 Bxe6 15.dxe6 Bxc3
16.Rxc3 fxe4 17.Bf1 d5 18.cxd5 Nxd5 19.Bc4 c6 20.Rxe4 Qf6 21.Rd3 Nc3 22.Rxc3
{#r} 1-0

[Event "It (open)"]
[Site "masterchessopen.com Las Palmas (Spain)"]
[Date "2011.12.06"]
[Round "6"]
[White "Ruiz Delgado Basilio (ESP)"]
[Black "Camino Carrio Nicanor (ESP)"]
[Result "0-1"]
[WhiteElo "1727"]
[BlackElo "2064"]

1.d4 Nf6 2.c4 g6 3.Nc3 Bg7 4.e4 d6 5.Nf3 O-O 6.Be2 e5 7.O-O Nc6 8.d5 Ne7 9.b4
Nh5 10.Re1 a5 11.Ba3 Nf4 12.Bf1 axb4 13.Bxb4 f5 14.Ng5 h6 15.Ne6 Nxe6 16.dxe6
c5 {#R} 0-1

[Event "It (open)"]
[Site "masterchessopen.com Lenk (Switzerland)"]
[Round "0"]
[White "Moeschinger Markus (SUI)"]
[Black "Giertz Niklaus (SUI)"]
[Result "0-1"]
[WhiteElo "2162"]
[BlackElo "2246"]

1.c4 g6 2.Nc3 Bg7 3.d4 Nf6 4.e4 d6 5.Nf3 O-O 6.Be2 e5 7.O-O Nc6 8.d5 Ne7 9.b4
Ne8 10.c5 f5 11.Nd2 g5 12.f3 f4 13.Nc4 Ng6 14.cxd6 cxd6 15.b5 h5 16.a4 Rf7
17.a5 Bf8 18.a6 b6 19.Na2 Rg7 20.Nb4 g4 21.Nc6 Qh4 22.fxg4 hxg4 23.Qc2 Rh7
{#R} 0-1

[Event "It (open)"]
[Site "masterchessopen.com Lienz (Austria)"]
[Date "2007.02.14"]
[Round "6"]
[White "Hrdina Karl (AUT)"]
[Black "Mittermayr Gerhard (AUT)"]
[Result "0-1"]
[WhiteElo "1975"]
[BlackElo "2129"]

1.d4 Nf6 2.Nf3 g6 3.c4 Bg7 4.Nc3 O-O 5.e4 d6 6.Be2 e5 7.O-O Nc6 8.d5 Ne7 9.b4
Nd7 10.Nd2 f5 11.Ba3 Nf6 12.f3 h5 13.c5 Ne8 14.b5 f4 15.Nc4 b6 16.cxd6 cxd6
17.Qb3 Rf6 18.Qb4 Bf8 19.Rac1 g5 20.Qb3 Ng6 21.Bb4 Rf7 22.Nd1 g4 23.Qa3 g3
24.Kh1 Qh4 {#R} 0-1

[Event "It (open)"]
[Site "masterchessopen.com Lillet (Spain)"]
[Round "3"]
[White "Diaz Lopez Pedro (ESP)"]
[Black "Iglesias Jorge (ARG)"]
[Result "0-1"]
[WhiteElo "1982"]
[BlackElo "2280"]

1.d4 Nf6 2.c4 g6 3.Nc3 Bg7 4.e4 d6 5.Nf3 O-O 6.Be2 e5 7.O-O Nc6 8.d5 Ne7 9.b4
Nh5 10.c5 Nf4 11.Bxf4 exf4 12.Rc1 h6 13.Bd3 g5 14.Bb1 Ng6 15.Nd4 Bxd4 16.Qxd4
Ne5 17.cxd6 cxd6 18.Nb5 Qd7 19.Nc7 f3 {#R} 0-1

[Event "It (open)"]
[Site "masterchessopen.com Linares (Spain)"]
[Round "5"]
[White "Hjartarson Johann (ISL)"]
[Black "Shchekachev Andrei (FRA)"]
[Result "0-1"]
[WhiteElo "2565"]
[BlackElo "2560"]

1.d4 g6 2.c4 Nf6 3.Nc3 Bg7 4.e4 d6 5.Nf3 O-O 6.Be2 e5 7.O-O Nc6 8.d5 Ne7 9.b4
a5 10.Ba3 axb4 11.Bxb4 Nd7 12.Nd2 f5 13.a4 Kh8 14.a5 Bh6 15.exf5 gxf5 16.Nb3
Nf6 17.c5 f4 18.Re1 Rg8 19.Bf1 Bg4 20.f3 Bh5 21.Rc1 Nf5 22.cxd6 cxd6 23.Nb5
Ne3 24.Rxe3 fxe3 25.Nxd6 Bf4 26.Be2 Nxd5 {#R} 0-1

[Event "It (open)"]
[Site "masterchessopen.com London (England)"]
[Round "5"]
[White "Kirsanov O (RUS)"]
[Black "Lutton J Ezra (ENG)"]
[Result "1-0"]
[WhiteElo "2358"]
[BlackElo "2093"]

1.d4 Nf6 2.c4 g6 3.Nc3 Bg7 4.e4 d6 5.Be2 O-O 6.Nf3 e5 7.O-O Nc6 8.d5 Ne7 9.b4
a5 10.Ba3 axb4 11.Bxb4 b6 12.a4 Nd7 13.a5 bxa5 14.Bxa5 f5 15.Nb5 Nb6 16.c5
dxc5 17.d6 cxd6 18.Nxd6 Qd7 19.Qb3+ Nbd5 20.Nxc8 Nxc8 21.Bc4 Ne7 22.exd5 Kh8
23.Ng5 Qd6 24.Qb6 {#r} 1-0

[Event "It (open)"]
[Site "masterchessopen.com Lyngby (Denmark)"]
[Round "0"]
[White "Nielsen Peter Heine (DEN)"]
[Black "Van Wely Loek (NED)"]
[Result "0-1"]
[WhiteElo "2687"]
[BlackElo "2320"]

1.d4 Nf6 2.c4 g6 3.Nc3 Bg7 4.e4 O-O 5.Nf3 d6 6.Be2 e5 7.O-O Nc6 8.d5 Ne7 9.b4
Nh5 10.c5 Nf4 11.Bxf4 exf4 12.Rc1 h6 13.Nb5 g5 14.h3 Ng6 15.cxd6 cxd6 16.Nc7
Rb8 17.Qa4 a6 18.b5 Bd7 19.Qb4 Qf6 20.Nh2 Ne5 21.Bh5 Nd3 {#R} 0-1

[Event "It (open)"]
[Site "masterchessopen.com Mancha (Spain)"]
[Round "8"]
[White "Baron Rodriguez Jorge (ESP)"]
[Black "Candela Perez Jose (ESP)"]
[Result "0-1"]
[WhiteElo "2251"]
[BlackElo "2416"]

1.d4 Nf6 2.c4 g6 3.Nc3 Bg7 4.e4 d6 5.Nf3 O-O 6.Be2 e5 7.O-O Nc6 8.d5 Ne7 9.b4
Nh5 10.Re1 f5 11.Ng5 Nf6 12.Bf3 c6 13.Be3 Kh8 14.Re2 h6 15.Ne6 Bxe6 16.dxe6
Ne8 17.Rd2 Rf6 18.exf5 gxf5 19.Bh5 Rxe6 20.Bf7 Rf6 21.Qh5 f4 22.Bc5 Rf5
23.Bxe8 Rxh5 24.Bxh5 Nf5 25.Bg4 Qg5 26.Bxf5 f3 {#R} 0-1

[Event "It (open)"]
[Site "masterchessopen.com Mar del Plata (Argentina)"]
[Round "1"]
[White "Monzon Roberto (ARG)"]
[Black "Burijovich Liliana (ARG)"]
[Result "0-1"]
[WhiteElo "2126"]
[BlackElo "2182"]

1.d4 Nf6 2.c4 g6 3.Nc3 Bg7 4.e4 d6 5.Nf3 O-O 6.Be2 e5 7.O-O Nc6 8.d5 Ne7 9.b4
a5 10.Ba3 axb4 11.Bxb4 Nd7 12.Na4 b6 13.Nc3 f5 14.Ng5 Nf6 15.Bf3 h6 16.Ne6
Bxe6 17.dxe6 c5 {#R} 0-1

[Event "It (open)"]
[Site "masterchessopen.com Mariupol (Ukraine)"]
[Round "10"]
[White "Nesteretz Anatoliy (UKR)"]
[Black "Kamenets Anatolij (UKR)"]
[Result "0-1"]
[WhiteElo "2296"]
[BlackElo "2320"]

1.d4 Nf6 2.Nf3 g6 3.c4 Bg7 4.Nc3 d6 5.e4 O-O 6.Be2 e5 7.O-O Nc6 8.d5 Ne7 9.b4
a5 10.Ba3 axb4 11.Bxb4 Nd7 12.a4 f5 13.a5 Nc5 14.Bxc5 dxc5 15.Ne1 fxe4 16.Nxe4
Nf5 17.Nd3 b6 18.axb6 Rxa1 19.Qxa1 Nd4 20.Qa2 cxb6 21.Re1 Bf5 22.Bf1 Qh4 23.f3
g5 24.Qf2 Qh6 25.Qg3 {#R} 0-1

[Event "It (open)"]
[Site "masterchessopen.com Medellin (Colombia)"]
[Date "2010.04.28"]
[Round "9"]
[White "Garces Javier (COL)"]
[Black "Guerrero Juan Carlos (COL)"]
[Result "0-1"]
[WhiteElo "2050"]
[BlackElo "2258"]

1.d4 Nf6 2.c4 d6 3.Nc3 g6 4.e4 Bg7 5.Nf3 O-O 6.Be2 e5 7.O-O Nc6 8.d5 Ne7 9.b4
a5 10.bxa5 Rxa5 11.Nd2 b6 12.a4 Ra8 13.Nb3 Nd7 14.Be3 f5 15.f3 f4 16.Bf2 g5
17.a5 Nc5 {#R} 0-1

[Event "It (open)"]
[Site "masterchessopen.com Mislata (Spain)"]
[Round "2"]
[White "Veingold Aleksandr (EST)"]
[Black "Jiretorn Eva (SWE)"]
[Result "1-0"]
[WhiteElo "2462"]
[BlackElo "2102"]

1.d4 Nf6 2.Nf3 g6 3.c4 Bg7 4.Nc3 O-O 5.e4 d6 6.Be2 e5 7.O-O Nc6 8.d5 Ne7 9.b4
a5 10.Ba3 axb4 11.Bxb4 b6 12.a4 Nd7 13.a5 bxa5 14.Rxa5 Rxa5 15.Bxa5 Nc5 16.Nd2
Ba6 17.Bb4 f5 18.Bxc5 dxc5 19.Qa4 Rf6 20.Nb3 Qd6 21.Qa5 Qb6 22.Qxb6 cxb6
23.Ra1 Bc8 24.Ra8 Rf8 {#r} 1-0

[Event "It (open)"]
[Site "masterchessopen.com Montpellier (France)"]
[Round "5"]
[White "Laclau Daniel (FRA)"]
[Black "Touzane Olivier (FRA)"]
[Result "0-1"]
[WhiteElo "2274"]
[BlackElo "2382"]

1.d4 Nf6 2.Nf3 g6 3.c4 Bg7 4.Nc3 O-O 5.e4 d6 6.Be2 e5 7.O-O Nc6 8.d5 Ne7 9.b4
Nh5 10.Re1 a5 11.Ba3 f5 12.Ng5 Nf6 13.Bf3 h6 14.Ne6 Bxe6 15.dxe6 axb4 {#R} 0-1

[Event "It (open)"]
[Site "masterchessopen.com Montpellier (France)"]
[Round "4"]
[White "Alcaraz Ortega Javier (ESP)"]
[Black "Thuret Marine (FRA)"]
[Result "1-0"]
[WhiteElo "2241"]
[BlackElo "1802"]

1.Nf3 Nf6 2.c4 g6 3.Nc3 Bg7 4.e4 d6 5.d4 O-O 6.Be2 e5 7.O-O Nc6 8.d5 Ne7 9.b4
Ne8 10.a4 f5 11.a5 Nf6 12.Ra3 h6 13.Nd2 f4 14.c5 g5 15.Re1 g4 16.cxd6 cxd6
17.Nb5 a6 18.Nc3 h5 19.Na4 Nd7 20.Nc4 Rf6 21.Rc3 Qf8 22.Ncb6 Rb8 23.Rxc8 {#r}
1-0

[Event "It (open)"]
[Site "masterchessopen.com Nereto (Italy)"]
[Round "5"]
[White "Farago Ivan (HUN)"]
[Black "Scalcione Michelangelo (ITA)"]
[Result "1-0"]
[WhiteElo "2486"]
[BlackElo "2219"]

1.d4 Nf6 2.c4 g6 3.Nc3 Bg7 4.e4 d6 5.Be2 O-O 6.Nf3 e5 7.O-O Nc6 8.d5 Ne7 9.b4
Ne8 10.c5 f5 11.Ng5 Nf6 12.f3 h6 13.Ne6 Bxe6 14.dxe6 d5 15.exd5 Nfxd5 16.Nxd5
Nxd5 17.Bc4 c6 18.Bb2 Qe7 19.Bxd5 Rfd8 20.Bb3 Rxd1 21.Raxd1 Kh8 22.Rd7 Qe8
23.Rfd1 b6 24.Rf7 Rd8 25.Rxd8 Qxd8 26.e7 {#r} 1-0

[Event "It (open)"]
[Site "masterchessopen.com Nereto (Italy)"]
[Round "1"]
[White "Scalcione Michelangelo (ITA)"]
[Black "Radice Luca (ITA)"]
[Result "1-0"]
[WhiteElo "2219"]
[BlackElo "2012"]

1.Nf3 Nf6 2.c4 g6 3.Nc3 Bg7 4.e4 d6 5.d4 O-O 6.Be2 e5 7.O-O Nc6 8.d5 Ne7 9.b4
Kh8 10.Nd2 Ne8 11.c5 f5 12.f3 Bh6 13.Bb2 Be3+ 14.Kh1 Ng8 15.Nc4 Bd4 16.f4 Ngf6
17.cxd6 cxd6 18.exf5 Bxf5 19.g4 Bc8 20.g5 Nh5 21.Bxh5 gxh5 22.fxe5 Rxf1+
23.Qxf1 dxe5 24.Qf8# 1-0

[Event "It (open)"]
[Site "masterchessopen.com Ourense (Spain)"]
[Date "2009.07.15"]
[Round "9"]
[White "Fernandez Fernandez Fernando (ESP)"]
[Black "Rey Cid Jose (ESP)"]
[Result "0-1"]
[WhiteElo "1532"]
[BlackElo "1923"]

1.d4 Nf6 2.Nf3 g6 3.c4 Bg7 4.Nc3 O-O 5.e4 d6 6.Be2 Nc6 7.O-O e5 8.d5 Ne7 9.b4
a5 10.bxa5 Rxa5 11.a4 Ne8 12.Ba3 b6 13.Bb4 Ra8 14.a5 bxa5 15.Rxa5 Rxa5 16.Bxa5
h6 17.Qb3 f5 18.Nd2 Kh7 19.Qb8 Ng8 20.Rb1 Ngf6 21.Rb7 Nd7 22.Qa8 Qg5 23.Qxc8
Qxd2 24.Qxd7 fxe4 25.Rb8 Qe1+ {#R} 0-1

[Event "It (open)"]
[Site "masterchessopen.com Padova (Italy)"]
[Round "1"]
[White "Ortega Lexy (ITA)"]
[Black "Cacco Christian (ITA)"]
[Result "1-0"]
[WhiteElo "2490"]
[BlackElo "2190"]

1.d4 Nf6 2.c4 g6 3.Nc3 Bg7 4.e4 d6 5.Nf3 O-O 6.Be2 e5 7.O-O Nc6 8.d5 Ne7 9.b4
a5 10.Ba3 axb4 11.Bxb4 b6 12.a4 Ne8 13.Nb5 f5 14.Nd2 Bh6 15.a5 bxa5 16.Rxa5
Rxa5 17.Bxa5 Bd7 18.c5 Qa8 19.Nb3 Qb7 20.Nxc7 Ba4 21.Bc4 fxe4 22.Nxe8 Rxe8
23.cxd6 Bxb3 24.Qxb3 {#r} 1-0

[Event "It (open)"]
[Site "masterchessopen.com Palma de Majorca (Spain)"]
[Date "2009.11.25"]
[Round "6"]
[White "Sara Valerio (ITA)"]
[Black "Ahlstrom Per"]
[Result "1-0"]
[WhiteElo "2060"]
[BlackElo "1910"]

1.d4 Nf6 2.Nf3 g6 3.c4 Bg7 4.Nc3 d6 5.e4 O-O 6.Be2 e5 7.O-O Nc6 8.d5 Ne7 9.b4
Nd7 10.c5 f5 11.Ng5 Nf6 12.f3 Ne8 13.Qb3 Kh8 14.Rd1 c6 15.dxc6 Nxc6 16.Nf7+
Rxf7 17.Qxf7 Nd4 18.Bc4 Nf6 19.Bg5 h6 20.Bxf6 Bxf6 21.Qxg6 Bg5 22.Qxd6 Qe8
23.Nd5 Qh5 24.Qf8+ Kh7 25.Nf6+ Bxf6 26.Qg8# 1-0

[Event "It (open)"]
[Site "masterchessopen.com Pardubice (Czech Republic)"]
[Date "2008.07.26"]
[Round "9"]
[White "Bykhovsky Anatoly (ISR)"]
[Black "Majdan Joanna (POL)"]
[Result "1-0"]
[WhiteElo "2447"]
[BlackElo "2284"]

1.d4 Nf6 2.c4 g6 3.Nc3 Bg7 4.e4 d6 5.Nf3 O-O 6.Be2 e5 7.O-O Nc6 8.d5 Ne7 9.b4
a5 10.Ba3 axb4 11.Bxb4 b6 12.a4 Ne8 13.Re1 f5 14.Nd2 Bh6 15.Nf3 Bd7 16.Qb3 Nf6
{#r} 1-0

[Event "It (open)"]
[Site "masterchessopen.com Paris (France)"]
[Round "8"]
[White "Bellaiche Anthony (FRA)"]
[Black "Mai Philipp (GER)"]
[Result "0-1"]
[WhiteElo "2130"]
[BlackElo "2319"]

1.d4 Nf6 2.Nf3 g6 3.c4 Bg7 4.Nc3 O-O 5.e4 d6 6.Be2 e5 7.O-O Nc6 8.d5 Ne7 9.b4
Nh5 10.Re1 a5 11.Ba3 axb4 12.Bxb4 b6 13.a4 Nf4 14.Bf1 f5 15.Nd2 c5 16.dxc6
Nxc6 17.Ba3 Nd4 18.Nb3 Bb7 19.Nxd4 exd4 20.Nb5 Be5 21.g3 fxe4 22.Nxd4 Qf6
23.gxf4 Qxf4 24.Bg2 Qxf2+ 25.Kh1 Qh4 26.h3 Qg3 {#R} 0-1

[Event "It (open)"]
[Site "masterchessopen.com Polanica Zdroj (Poland)"]
[Round "10"]
[White "Bachorczyk Marcin (POL)"]
[Black "Balkiewicz Elzbieta (POL)"]
[Result "0-1"]
[WhiteElo "2044"]
[BlackElo "2094"]

1.d4 Nf6 2.c4 g6 3.Nc3 Bg7 4.e4 d6 5.Nf3 O-O 6.Be2 e5 7.O-O Nc6 8.d5 Ne7 9.b4
Nh5 10.Re1 f5 11.Nd2 Nf4 12.Bf1 fxe4 13.Ndxe4 b6 14.c5 dxc5 15.bxc5 Nfxd5
16.Bc4 Bb7 17.Bg5 c6 18.Nd6 Rb8 19.Qg4 Kh8 20.Qe6 Qc7 {#R} 0-1

[Event "It (open)"]
[Site "masterchessopen.com Polanica Zdroj (Poland)"]
[Round "8"]
[White "Gralka Julian (POL)"]
[Black "Polivanov Anatoliy (UKR)"]
[Result "1-0"]
[WhiteElo "2215"]
[BlackElo "2319"]

1.d4 Nf6 2.c4 g6 3.Nc3 Bg7 4.e4 d6 5.Nf3 O-O 6.Be2 e5 7.O-O Nc6 8.d5 Ne7 9.b4
c6 10.Ne1 a5 11.bxa5 Qxa5 12.Bd2 Qd8 13.a4 Ne8 14.Nd3 f5 15.f3 Nf6 16.Rb1 f4
17.Qb3 Kh8 18.Qb6 Bd7 19.c5 Ra6 20.Qb3 dxc5 {#r} 1-0

[Event "It (open)"]
[Site "masterchessopen.com Pula (Croatia)"]
[Date "2005.06.21"]
[Round "3"]
[White "Atalik Suat (BIH)"]
[Black "Speckner Roland (GER)"]
[Result "1-0"]
[WhiteElo "2620"]
[BlackElo "2359"]

1.d4 g6 2.c4 Bg7 3.Nf3 Nf6 4.Nc3 O-O 5.e4 d6 6.Be2 e5 7.O-O Nc6 8.d5 Ne7 9.b4
Nh5 10.Qc2 Nf4 11.Bxf4 exf4 12.Rad1 h6 13.Nd4 g5 14.Bh5 a5 15.b5 Bd7 16.Nce2
c5 17.dxc6 bxc6 18.a4 Qb6 19.Qd2 cxb5 20.cxb5 Rac8 21.Qa2 Rc5 22.h3 d5 23.Nb3
Rc4 24.exd5 Nc8 25.Nxa5 {#r} 1-0

[Event "It (open)"]
[Site "masterchessopen.com Randers (Denmark)"]
[Round "3"]
[White "Holst Allan (DEN)"]
[Black "Petersen Flemming Petri (DEN)"]
[Result "1-0"]
[WhiteElo "2300"]
[BlackElo "2058"]

1.d4 Nf6 2.Nf3 g6 3.c4 Bg7 4.Nc3 O-O 5.e4 d6 6.Be2 e5 7.O-O Nc6 8.d5 Ne7 9.b4
Nh5 10.c5 dxc5 11.bxc5 f5 12.d6 cxd6 13.cxd6 Nc6 14.Ng5 Nf4 15.Bc4+ Kh8
16.Nf7+ Rxf7 17.Bxf7 Nd4 18.Rb1 Qxd6 19.Bxf4 exf4 20.Nb5 Nxb5 21.Rxb5 Qe7
22.Bb3 b6 23.Re1 Bc3 24.Qd3 Bxe1 25.Qd4+ {#r} 1-0

[Event "It (open)"]
[Site "masterchessopen.com Recklinghausen (Germany)"]
[Date "2006.10.11"]
[Round "4"]
[White "Schreiner Paulo (BRA)"]
[Black "Voss Andreas (GER)"]
[Result "1-0"]
[WhiteElo "2010"]
[BlackElo "2049"]

1.d4 Nf6 2.c4 g6 3.Nc3 Bg7 4.e4 d6 5.Nf3 O-O 6.Be2 e5 7.O-O Nc6 8.d5 Ne7 9.b4
a5 10.Ba3 axb4 11.Bxb4 b6 12.a4 Nd7 13.a5 bxa5 14.Bxa5 Nc5 15.Qc2 Bd7 16.Nb5
Bxb5 17.cxb5 f5 18.Ng5 Qd7 19.Ne6 Nxe6 20.dxe6 Qxe6 21.Bc4 d5 22.exd5 Qd6
23.Bxc7 Qxc7 {#r} 1-0

[Event "It (open)"]
[Site "masterchessopen.com Rubi (Spain)"]
[Round "0"]
[White "Colom Andres Xavier (ESP)"]
[Black "Duran Montero Manuel (ESP)"]
[Result "0-1"]
[WhiteElo "2004"]
[BlackElo "2169"]

1.d4 g6 2.c4 Nf6 3.Nc3 Bg7 4.e4 d6 5.Nf3 O-O 6.Be2 e5 7.O-O Nc6 8.d5 Ne7 9.b4
Nh5 10.Re1 f5 11.Nd2 Nf6 12.c5 f4 13.f3 g5 14.cxd6 cxd6 15.Nc4 Ng6 16.b5 Rf7
17.Ba3 Bf8 18.Rc1 h5 19.Bf1 g4 20.Qb3 Rg7 21.Nd1 Nh4 22.Nd2 Qb6+ 23.Kh1 gxf3
24.Nxf3 Nxf3 25.Qxf3 Bg4 26.Qf2 Bxd1 {#R} 0-1

[Event "It (open)"]
[Site "masterchessopen.com San Sebastian (Spain)"]
[Date "2007.04.05"]
[Round "5"]
[White "Fogel Pierre (BEL)"]
[Black "Garro Beraza Julen (ESP)"]
[Result "1-0"]
[WhiteElo "2105"]
[BlackElo "1722"]

1.d4 Nf6 2.c4 g6 3.Nc3 Bg7 4.e4 d6 5.Nf3 O-O 6.Be2 e5 7.O-O Nc6 8.d5 Ne7 9.b4
Ne8 10.c5 f5 11.Ng5 h6 12.Ne6 Bxe6 13.dxe6 c6 14.cxd6 Qxd6 15.Qb3 Nf6 16.Rd1
Qb8 17.b5 fxe4 18.Ba3 Re8 19.Bd6 Qc8 20.Rac1 Nf5 21.Bxe5 e3 22.fxe3 Nxe3
23.Rd3 Qxe6 24.Qxe6+ Rxe6 25.Rxe3 {#r} 1-0